00292nam a2200097 4500082001600000100004500016245004500061260006500106300000800171650001500179 a658.401 PER aPersonnael policies and Practicec-Part 1 aPersonnael policies and Practicec-Part 1 aColombobMinsitry of Rural and Industrial developmentc16964 a54p amanagement